On countinuous-time threshold autoregression
V rámci použitia nelineárnych modelov pre analýzy časových radov sa rozoberajú problémy modelovania a prognózovania prahovými a autoregresnými procesmi so spojitým časom. Prevažne sa skúmajú problémy úpravy modelu a prognózovania pri existencii pozorovaní v časoch 1,2..., N. Metódy však možno apliko...
Gespeichert in:
| 1. Verfasser: | |
|---|---|
| Weitere Verfasser: | |
| Format: | Buchkapitel |
| Sprache: | Englisch |
| Schlagworte: | |
| Tags: |
Keine Tags, Fügen Sie das erste Tag hinzu!
|
MARC
| LEADER | 00000naa a2200000 4500 | ||
|---|---|---|---|
| 001 | r011174 | ||
| 005 | 20221130113011.5 | ||
| 041 | 0 | |a eng | |
| 044 | |a NL | ||
| 245 | 1 | 0 | |a On countinuous-time threshold autoregression |c P.J. Brockwell, R.J. Hyndman |
| 520 | |a V rámci použitia nelineárnych modelov pre analýzy časových radov sa rozoberajú problémy modelovania a prognózovania prahovými a autoregresnými procesmi so spojitým časom. Prevažne sa skúmajú problémy úpravy modelu a prognózovania pri existencii pozorovaní v časoch 1,2..., N. Metódy však možno aplikovať aj na nepravidelne rozložené pozorovania. | ||
| 610 | 2 | 0 | |a modely nelineárne |
| 610 | 2 | 0 | |a rady časové |
| 610 | 2 | 0 | |a modelovanie |
| 610 | 2 | 0 | |a prognózovanie |
| 610 | 2 | 0 | |a metódy ekonomicko-matematické |
| 610 | 2 | 0 | |a analýza radov časových |
| 100 | 1 | |a Brockwell, P.J. | |
| 700 | 1 | |a Hyndman, Rob J. | |